Falling Walls / (Record no. 102149)

MARC details
000 -LEADER
fixed length control field 00574nam a22001937a 4500
010 ## - LCCN (DPL NO)
LC control number ENG-115719
020 ## - INTERNATIONAL STANDARD BOOK NUMBER
International Standard Book Number 9780143423690
Terms of availability 499.00
035 ## - SYSTEM CONTROL NUMBER
System control number EN-99251
037 ## - SOURCE OF ACQUISITION
Source of stock number/acquisition DBAD/PUB
082 ## - DEWEY DECIMAL CLASSIFICATION NUMBER
Classification number N
100 ## - MAIN ENTRY--PERSONAL NAME
Personal name Upendranath Ashk
245 ## - TITLE STATEMENT
Title Falling Walls /
Statement of responsibility, etc by Upendranath Ashk; trancleted by Daisy Rockwell
260 ## - PUBLICATION, DISTRIBUTION, ETC. (IMPRINT)
Place of publication, distribution, etc Gurgaon
Name of publisher, distributor, etc Penguin Books
Date of publication, distribution, etc 2015
270 ## - ADDRESS
City 7th Floor Infinity Tower C, DLF Cyber City
Postal code Gurgaon ( Haryana)
Telephone number 122002
300 ## - PHYSICAL DESCRIPTION
Extent xix,486p.
Dimensions 22cm(pbk)
500 ## - GENERAL NOTE
General note Include index
700 ## - ADDED ENTRY--PERSONAL NAME
Personal name Rockwell,Daisy
942 ## - ADDED ENTRY ELEMENTS (KOHA)
Source of classification or shelving scheme Dewey Decimal Classification
Item type English Books
Classification part N
Call number suffix UPE
Holdings
Withdrawn status Lost status Not for loan Collection code Home library Current library Date acquired Source of acquisition Cost, normal purchase price Full call number Barcode Copy number Cost, replacement price Koha item type
    Not For Loan Non-fiction D.B.Act.Division Bawana 11/08/2016 DBAD/PUB 499.00 N UPE EN-99251 1 499.00 English Books

© Delhi Public Library
Hit Counter
free hit counter